The prophets.

Bibliographic Details
Main Author: Heschel, Abraham Joshua, 1907-1972
Format: Book
Language:English
Published: New York : Harper & Row, [1962]
Edition:[1st ed.].
Subjects:

MARC

Tag First Indicator Second Indicator Subfields
LEADER 00000cam a2200000 4500
001 in00000053102
005 20151007080437.0
008 720815s1962 eng u
010 |a  62007290  
035 |a (OCoLC)00382563 
035 |9 AAF4828AM 
040 |c WSU  |d TXA  |d UtOrBLW 
049 |a TXAM  |c [365477] 
090 |a BS1505.2  |b .H47 1962 
092 |a 224  |b H583p 
100 1 |a Heschel, Abraham Joshua,  |d 1907-1972. 
245 1 4 |a The prophets. 
250 |a [1st ed.]. 
264 1 |a New York :  |b Harper & Row,  |c [1962] 
300 |a 518 pages 
336 |a text  |b txt  |2 rdacontent 
337 |a unmediated  |b n  |2 rdamedia 
338 |a volume  |b nc  |2 rdacarrier 
630 0 0 |a Bible.  |p Prophets  |x Criticism, interpretation, etc. 
650 0 |a Prophets. 
999 |a MARS 
999 f f |s 7db36bf8-90ec-3f3c-ac41-4d4c521ff86c  |i 1569a74c-5cc2-34c4-abf5-a70d636eea5e  |t 0 
952 f f |p normal  |a Texas A&M University  |b College Station  |c Sterling C. Evans Library  |d Evans: Library Stacks  |t 0  |e BS1505.2 .H47 1962  |h Library of Congress classification  |i unmediated -- volume  |m A14823639655 
998 f f |a BS1505.2 .H47 1962  |t 0  |l Evans: Library Stacks